| 000 | 00957nac a22002411u 4500 | ||
|---|---|---|---|
| 010 | _a 98183257 | ||
| 020 | _a0749424648 | ||
| 035 | _a(OCoLC)38523385 | ||
| 082 | 0 | 0 |
_a658.3 _bPER |
| 090 |
_c5551 _d5551 |
||
| 100 | _aPerkins, Stephen J. | ||
| 245 | 1 | 0 |
_aInternationalization : _bthe people dimension : human resource strategies for global expansion / _cStephen J. Perkins. |
| 260 |
_aLondon : _bKogan Page,c.1997. _cc.1997. |
||
| 300 |
_a304 p. : _bill. ; _c24 cm. |
||
| 500 | _aDistributer : Al-Ahram. | ||
| 504 | _aIncludes bibliographical references (p. [293]-296) and index. | ||
| 511 | _aCatalogued By : Mahitab. | ||
| 650 | 0 |
_aInternational business enterprises _xPersonnel management. |
|
| 650 | 0 |
_aEmployees _xRecruiting. |
|
| 650 | 0 | _aEmployment in foreign countries. | |
| 942 |
_cBB _k658.3PER |
||
| 999 |
_c5551 _d5551 |
||